4802-那覇市(沖縄県)の駅 - Statistics

General Stats
  • This quiz has been taken 16 times
  • The average score is 11 of 16
Answer Stats
Answer % Correct
那覇空港
94%
県庁前
94%
赤嶺
88%
おもろまち
88%
首里
88%
奥武山公園
75%
儀保
63%
美栄橋
56%
牧志
56%
安里
56%
石嶺
56%
小禄
50%
壺川
50%
旭橋
50%
市立病院前
50%
古島
44%
No matching quizzes found
Score Distribution
Percent of People with Each Score
Percentile by Number Answered
Your Score History
You have not taken this quiz